LIBRARY ONLINE CATALOGUE

Historical theology : (Record no. 19579)

MARC details
000 -LEADER
fixed length control field 00505nam a22001457a 4500
008 - FIXED-LENGTH DATA ELEMENTS--GENERAL INFORMATION
fixed length control field 220928b |||||||| |||| 00| 0 eng d
020 ## - INTERNATIONAL STANDARD BOOK NUMBER
International Standard Book Number 0310230137
050 ## - LIBRARY OF CONGRESS CALL NUMBER
Classification number BT21.3
Item number .A44 2011
100 ## - MAIN ENTRY--PERSONAL NAME
Personal name Allison, Gregg R.
245 ## - TITLE STATEMENT
Title Historical theology :
Remainder of title an introduction to chridtian doctrine: a companion to Wayne Grudem's systematic theology/
Statement of responsibility, etc. Gregg R. Allison
260 ## - PUBLICATION, DISTRIBUTION, ETC. (IMPRINT)
Place of publication, distribution, etc. Grand Rapids.Michigan
Name of publisher, distributor, etc. Zondervan Academic
Date of publication, distribution, etc. 2011
300 ## - PHYSICAL DESCRIPTION
Extent 778p.
650 ## - SUBJECT ADDED ENTRY--TOPICAL TERM
Topical term or geographic name as entry element Theology, Doctrinal
Form subdivision History
942 ## - ADDED ENTRY ELEMENTS (KOHA)
Source of classification or shelving scheme Library of Congress Classification
Koha item type General Collection
Holdings
Withdrawn status Lost status Source of classification or shelving scheme Not for loan Home library Current library Date acquired Cost, normal purchase price Inventory number Total Checkouts Full call number Barcode Date last seen Date last checked out Copy number Price effective from Koha item type
    Library of Congress Classification   Kabarak, Main Campus Kabarak, Main Campus 28/09/2022 4500.00 0624/2022 2 BT21.3 .A44 2011 C.1 031946 02/08/2024 28/03/2023 C.1 28/09/2022 General Collection